[Event "BI-2012-P-00023"]
[Site "LSS email"]
[Date "2012.04.20"]
[Round "?"]
[White "Just, Bent"]
[Black "Migliorini, Roberto"]
[Result "0-1"]
[WhiteElo "1552"]
[BlackElo "1657"]
[PlyCount "28"]
[EventDate "2012.04.22"]
[EventType "tourn (corr)"]
[EventRounds "10"]
[EventCountry "GER"]
[SourceTitle "Corr 2015"]
[Source "ChessBase"]
[SourceDate "2015.07.17"]
[SourceVersion "1"]
[SourceVersionDate "2015.07.17"]
[SourceQuality "1"]

1. e4 e6 2. d4 d5 3. Nc3 Nf6 4. Bg5 dxe4 5. Nxe4 Nbd7 6. Nf3 Be7 7. Nxf6+ Bxf6 8. Qd2 Bxg5 9. Nxg5 Nf6 10. Be2 0-0 11. Bf3 Rb8 12. 0-0-0 Qd6 13. h4 Bd7 14. h5 h6 0-1

[Event "CP-2011-P-00035"]
[Site "LSS email"]
[Date "2011.09.30"]
[Round "?"]
[White "Carroll, Patrick J"]
[Black "Just, Bent"]
[Result "1-0"]
[WhiteElo "2138"]
[BlackElo "1552"]
[PlyCount "45"]
[EventDate "2011.10.01"]
[EventType "tourn (corr)"]
[EventRounds "6"]
[EventCountry "GER"]
[SourceTitle "Telechess CBM 153"]
[Source "ChessBase"]
[SourceDate "2013.03.14"]
[SourceVersion "1"]
[SourceVersionDate "2013.03.14"]
[SourceQuality "1"]

1. e4 e5 2. Nf3 Nc6 3. Bb5 a6 4. Ba4 Nf6 5. 0-0 Be7 6. Re1 b5 7. Bb3 d6 8. c3 0-0 9. h3 Na5 10. Bc2 c5 11. d4 cxd4 12. cxd4 Bb7 13. d5 Rc8 14. Nbd2 Nh5 15. Nf1 Nf4 16. Ne3 Kh8 17. b3 Ba8 18. Bb2 Bf6 19. h4 Ng6 20. g3 Qc7 21. Bd3 Ne7 22. Qd2 Qd7 23. Qxa5 1-0

[Event "CP-2011-P-00035"]
[Site "LSS email"]
[Date "2011.09.30"]
[Round "?"]
[White "Just, Bent"]
[Black "Moskalenko, Eduard"]
[Result "0-1"]
[WhiteElo "1552"]
[BlackElo "2094"]
[PlyCount "66"]
[EventDate "2011.10.01"]
[EventType "tourn (corr)"]
[EventRounds "6"]
[EventCountry "GER"]
[SourceTitle "Telechess CBM 153"]
[Source "ChessBase"]
[SourceDate "2013.03.14"]
[SourceVersion "1"]
[SourceVersionDate "2013.03.14"]
[SourceQuality "1"]

1. e4 c5 2. Nf3 d6 3. d4 cxd4 4. Nxd4 Nf6 5. Nc3 a6 6. Bg5 e6 7. f4 Qb6 8. Nb3 Be7 9. Be2 Nbd7 10. Qd3 Qc7 11. Bf3 h6 12. Bh4 e5 13. f5 b5 14. a3 Bb7 15. 0-0 0-0 16. Rfd1 Rad8 17. Qe2 Nb6 18. Na5 Ba8 19. Kh1 Rfe8 20. Rab1 Rc8 21. Rd2 d5 22. Bxf6 Bxf6 23. exd5 e4 24. d6 Qd7 25. Bg4 h5 26. Bxh5 Rxc3 27. bxc3 Bxc3 28. Nb3 Bxd2 29. Qxd2 Nd5 30. Nc5 Qxd6 31. Qd4 Qf4 32. Ne6 Qh6 33. g4 fxe6 0-1

[Event "CP-2011-P-00035"]
[Site "LSS email"]
[Date "2011.09.30"]
[Round "?"]
[White "Just, Bent"]
[Black "Tamashiro, Ariel"]
[Result "1-0"]
[WhiteElo "1552"]
[BlackElo "1274"]
[PlyCount "49"]
[EventDate "2011.10.01"]
[EventType "tourn (corr)"]
[EventRounds "6"]
[EventCountry "GER"]
[SourceTitle "Telechess CBM 153"]
[Source "ChessBase"]
[SourceDate "2013.03.14"]
[SourceVersion "1"]
[SourceVersionDate "2013.03.14"]
[SourceQuality "1"]

1. e4 c5 2. Nf3 d6 3. d4 cxd4 4. Nxd4 Nf6 5. Nc3 g6 6. Be3 Bg7 7. f3 0-0 8. Qd2 Nc6 9. Nxc6 bxc6 10. Bc4 a5 11. 0-0 Ba6 12. Bxa6 Rxa6 13. Qd3 Ra8 14. Rad1 Nd7 15. f4 Qc7 16. e5 d5 17. Na4 Rab8 18. c4 e6 19. b3 Rfd8 20. Qc3 Rbc8 21. Qc2 Bf8 22. Rd3 c5 23. cxd5 exd5 24. Rxd5 Nb6 25. Nxb6 1-0

[Event "BI-2011-P-00030"]
[Site "LSS email"]
[Date "2011.04.17"]
[Round "?"]
[White "Just, Bent"]
[Black "Andersen, Lars Kirstein"]
[Result "1/2-1/2"]
[WhiteElo "1611"]
[BlackElo "1957"]
[PlyCount "47"]
[EventDate "2011.04.20"]
[EventType "tourn (corr)"]
[EventRounds "10"]
[EventCountry "GER"]
[SourceTitle "Telechess CBM 155"]
[Source "ChessBase"]
[SourceDate "2013.07.16"]
[SourceVersion "1"]
[SourceVersionDate "2013.07.16"]
[SourceQuality "1"]

1. e4 c6 2. d4 d5 3. e5 Bf5 4. Nf3 e6 5. Bd3 Bxd3 6. Qxd3 Nd7 7. Bd2 c5 8. dxc5 Bxc5 9. 0-0 Ne7 10. c4 dxc4 11. Qxc4 Ng6 12. Bc3 0-0 13. Nbd2 Rc8 14. Qe4 Qb6 15. Nb3 Qb5 16. Rfd1 Rc7 17. Rac1 Be7 18. Nbd4 Qa6 19. g3 Rd8 20. a3 Nb6 21. Bb4 Rxc1 22. Rxc1 Bxb4 23. axb4 Nd5 24. b5 1/2-1/2

[Event "BI-2011-P-00030"]
[Site "LSS email"]
[Date "2011.04.17"]
[Round "?"]
[White "Just, Bent"]
[Black "Potemri, Stefan"]
[Result "1/2-1/2"]
[WhiteElo "1611"]
[BlackElo "1721"]
[PlyCount "21"]
[EventDate "2011.04.20"]
[EventType "tourn (corr)"]
[EventRounds "10"]
[EventCountry "GER"]
[SourceTitle "Corr 2015"]
[Source "ChessBase"]
[SourceDate "2015.07.17"]
[SourceVersion "1"]
[SourceVersionDate "2015.07.17"]
[SourceQuality "1"]

1. e4 e5 2. Nf3 Nc6 3. Nc3 Nf6 4. Bc4 Bc5 5. d3 h6 6. 0-0 0-0 7. h3 d6 8. Qe2 a6 9. Nd5 Nxd5 10. Bxd5 Qf6 11. Be3 1/2-1/2

[Event "BI-2011-P-00030"]
[Site "LSS email"]
[Date "2011.04.17"]
[Round "?"]
[White "Onem, Cem"]
[Black "Just, Bent"]
[Result "1-0"]
[WhiteElo "1896"]
[BlackElo "1611"]
[PlyCount "83"]
[EventDate "2011.04.20"]
[EventType "tourn (corr)"]
[EventRounds "10"]
[EventCountry "GER"]
[SourceTitle "Telechess CBM 157"]
[Source "ChessBase"]
[SourceDate "2013.11.12"]
[SourceVersion "1"]
[SourceVersionDate "2013.11.12"]
[SourceQuality "1"]

1. e4 e5 2. Nf3 Nc6 3. Bb5 Nf6 4. 0-0 Bc5 5. c3 0-0 6. d4 Bb6 7. Bg5 h6 8. Bh4 d6 9. Bxc6 bxc6 10. dxe5 dxe5 11. Qc2 Ba6 12. c4 g5 13. Bg3 Nh5 14. Nxe5 Nxg3 15. hxg3 Qd4 16. Ng4 Qxc4 17. Qxc4 Bxc4 18. Rc1 Bd4 19. Rc2 Bd3 20. Rd2 h5 21. Nh6+ Kh7 22. Nf5 Be5 23. Nc3 Bxc3 24. Rxd3 Bxb2 25. Rb1 Be5 26. Ne7 Rad8 27. Rxd8 Rxd8 28. Nxc6 Re8 29. Rb5 f6 30. Nxe5 Rxe5 31. Rb7 Rxe4 32. Rxc7+ Kg6 33. Rxa7 Re1+ 34. Kh2 g4 35. f4 gxf3 36. gxf3 Kg5 37. a4 h4 38. Ra5+ f5 39. g4 Re2+ 40. Kh3 Re3 41. Rxf5+ Kg6 42. Kxh4 1-0

[Event "BI-2011-P-00030"]
[Site "LSS email"]
[Date "2011.04.17"]
[Round "?"]
[White "Smith, Harry E"]
[Black "Just, Bent"]
[Result "0-1"]
[WhiteElo "662"]
[BlackElo "1611"]
[PlyCount "58"]
[EventDate "2011.04.20"]
[EventType "tourn (corr)"]
[EventRounds "10"]
[EventCountry "GER"]
[SourceTitle "Telechess CBM 155"]
[Source "ChessBase"]
[SourceDate "2013.07.16"]
[SourceVersion "1"]
[SourceVersionDate "2013.07.16"]
[SourceQuality "1"]

1. Nf3 Nf6 2. g3 d5 3. Bg2 g6 4. d3 Nc6 5. 0-0 Bg7 6. Nbd2 0-0 7. d4 a5 8. c4 a4 9. c5 Bf5 10. Re1 Nb4 11. e4 dxe4 12. Ne5 Qxd4 13. a3 Nd3 14. Nxd3 exd3 15. c6 Ng4 16. cxb7 Qxf2+ 17. Kh1 Rab8 18. Rf1 Rxb7 19. Nf3 Bxb2 20. Qd2 Qxd2 21. Bxd2 Bxa1 22. Rxa1 Rfb8 23. Bb4 e5 24. Kg1 c5 25. Bxc5 Rb1+ 26. Rxb1 Rxb1+ 27. Bf1 e4 28. Nd2 Rc1 29. Bd4 e3 0-1

[Event "BI-2010-F-00015"]
[Site "LSS email"]
[Date "2011.02.21"]
[Round "?"]
[White "Just, Bent"]
[Black "Blair, Matthew"]
[Result "1/2-1/2"]
[WhiteElo "1608"]
[BlackElo "1802"]
[PlyCount "85"]
[EventDate "2011.02.24"]
[EventType "tourn (corr)"]
[EventRounds "10"]
[EventCountry "GER"]
[SourceTitle "Telechess CBM 157"]
[Source "ChessBase"]
[SourceDate "2013.11.12"]
[SourceVersion "1"]
[SourceVersionDate "2013.11.12"]
[SourceQuality "1"]

1. e4 c5 2. Nf3 d6 3. Nc3 Nc6 4. d4 cxd4 5. Nxd4 e6 6. Be3 Nf6 7. Be2 Be7 8. 0-0 Bd7 9. Qe1 0-0 10. Rd1 Ne5 11. f3 a6 12. Qg3 Rc8 13. Rd2 Nc4 14. Bxc4 Rxc4 15. Rfd1 e5 16. Nb3 Rc6 17. Re2 b5 18. Qf2 Qc7 19. a3 Rb8 20. Bg5 Be6 21. Bxf6 Bxf6 22. Nd5 Bxd5 23. Rxd5 Bd8 24. c3 f5 25. Qf1 Qd7 26. Nd2 Bb6+ 27. Kh1 Qe6 28. Qb1 h5 29. f4 Rf8 30. fxe5 dxe5 31. Nf3 Bc7 32. Rd1 g6 33. exf5 Qxf5 34. Qxf5 Rxf5 35. Nh4 Rf4 36. Nf3 Rd6 37. Rde1 Rd5 38. h3 Kg7 39. Nxe5 Bxe5 40. Rxe5 Rxe5 41. Rxe5 Rf2 42. Re7+ Kh6 43. Re6 1/2-1/2

[Event "BI-2010-F-00015"]
[Site "LSS email"]
[Date "2011.02.21"]
[Round "?"]
[White "Just, Bent"]
[Black "Potemri, Stefan"]
[Result "1/2-1/2"]
[WhiteElo "1608"]
[BlackElo "1692"]
[PlyCount "110"]
[EventDate "2011.02.24"]
[EventType "tourn (corr)"]
[EventRounds "10"]
[EventCountry "GER"]
[SourceTitle "Telechess CBM 157"]
[Source "ChessBase"]
[SourceDate "2013.11.12"]
[SourceVersion "1"]
[SourceVersionDate "2013.11.12"]
[SourceQuality "1"]

1. e4 e5 2. Nc3 Nf6 3. Nf3 Nc6 4. Bb5 d6 5. d4 exd4 6. Nxd4 Bd7 7. 0-0 h6 8. Bxc6 bxc6 9. Bf4 c5 10. Nf3 Be6 11. Qe2 Rb8 12. e5 Nd7 13. Rad1 Rxb2 14. exd6 Bxd6 15. Bxd6 cxd6 16. Rxd6 Rb6 17. Rd2 0-0 18. Na4 Rc6 19. Ne5 Rc8 20. Nc3 Re8 21. Ne4 Qc7 22. f4 Nxe5 23. fxe5 Rb8 24. Nd6 Red8 25. c4 Rd7 26. Rd3 Qc6 27. Qd2 Kh8 28. Qc2 Qc7 29. Rb3 Rb4 30. Rbf3 Qb8 31. Qf2 Qc7 32. Qe2 Rb8 33. Rb3 Rxb3 34. axb3 Qb6 35. Qf3 Qb4 36. Qe3 a5 37. h3 Kg8 38. Kh2 Qb6 39. Rf3 Qc6 40. Rg3 Kh8 41. Ne8 Bf5 42. Rxg7 Re7 43. Nd6 Kxg7 44. Nxf5+ Kf8 45. Nxe7 Kxe7 46. h4 Qb6 47. g4 Ke8 48. Kg3 Qd8 49. h5 Qd1 50. Kf4 Qf1+ 51. Qf3 Qc1+ 52. Kf5 Ke7 53. Ke4 a4 54. g5 axb3 55. Qxb3 Qxg5 1/2-1/2

[Event "OP-2011-0-01364"]
[Site "LSS email"]
[Date "2011.01.05"]
[Round "?"]
[White "Just, Bent"]
[Black "Le Duigou, Jean Guy"]
[Result "1/2-1/2"]
[WhiteElo "1541"]
[BlackElo "2044"]
[PlyCount "57"]
[EventDate "2011.01.01"]
[EventType "tourn (corr)"]
[EventRounds "4"]
[EventCountry "GER"]
[SourceTitle "Telechess CBM 145"]
[Source "Chessbase"]
[SourceDate "2011.11.11"]
[SourceVersion "1"]
[SourceVersionDate "2011.11.11"]
[SourceQuality "1"]

1. e4 e5 2. Nf3 Nc6 3. Bb5 a6 4. Bxc6 dxc6 5. 0-0 Qd6 6. Na3 Be6 7. Qe2 Ne7 8. Nc4 Bxc4 9. Qxc4 Ng6 10. d3 Be7 11. Be3 0-0 12. g3 b5 13. Qb3 Qd7 14. Qc3 Rfd8 15. a4 Qe6 16. Rfd1 h5 17. Kg2 h4 18. h3 hxg3 19. fxg3 a5 20. Nd2 Bb4 21. Qb3 Nf8 22. Nf3 f6 23. d4 Qxb3 24. cxb3 exd4 25. Nxd4 Bc5 26. Rac1 Bxd4 27. Rxd4 Rxd4 28. Bxd4 Ne6 29. Be3 1/2-1/2

[Event "OP-2010-0-01315"]
[Site "LSS email"]
[Date "2010.11.14"]
[Round "?"]
[White "Flores, Luis"]
[Black "Just, Bent"]
[Result "1/2-1/2"]
[WhiteElo "1933"]
[BlackElo "1541"]
[PlyCount "115"]
[EventDate "2010.11.09"]
[EventType "tourn (corr)"]
[EventRounds "4"]
[EventCountry "GER"]
[SourceTitle "Telechess CBM 147"]
[Source "ChessBase"]
[SourceDate "2012.03.16"]
[SourceVersion "1"]
[SourceVersionDate "2012.03.16"]
[SourceQuality "1"]

1. e4 e5 2. Nf3 Nc6 3. Bb5 Nf6 4. 0-0 Nxe4 5. d4 Nd6 6. Bxc6 dxc6 7. dxe5 Nf5 8. Qxd8+ Kxd8 9. Nc3 Ke8 10. b3 Be7 11. Bb2 Be6 12. Ne2 Rd8 13. Rad1 Bd5 14. Nfd4 Be4 15. c4 Nxd4 16. Rxd4 Rxd4 17. Nxd4 Bc5 18. f3 Bg6 19. f4 f5 20. exf6 gxf6 21. f5 Bf7 22. Re1+ Kd7 23. Kf1 Re8 24. Rxe8 Bxe8 25. Ne2 Ke7 26. Ng3 Kf7 27. Ne4 Be7 28. Ke2 h5 29. Kf3 c5 30. g4 hxg4+ 31. Kxg4 b5 32. Ba3 bxc4 33. bxc4 Bc6 34. Kf3 Ke8 35. h4 Kf7 36. Kf4 a6 37. h5 Kg7 38. Bxc5 Bxe4 39. Bxe7 Bb1 40. a3 Ba2 41. c5 c6 42. h6+ Kxh6 43. Bxf6 a5 44. Ke5 a4 45. Kd6 Bd5 46. Bc3 Kg5 47. Ke5 Bf7 48. Bd2+ Kg4 49. Kd6 Bd5 50. f6 Kf5 51. f7 Bxf7 52. Kxc6 Be8+ 53. Kd6 Ke4 54. c6 Bxc6 55. Kxc6 Ke5 56. Bc3+ Ke6 57. Bb4 Kf7 58. Kd7 1/2-1/2

[Event "OP-2010-0-01298"]
[Site "LSS email"]
[Date "2010.10.29"]
[Round "?"]
[White "Just, Bent"]
[Black "Sigurdsson, Johann Helgi"]
[Result "0-1"]
[WhiteElo "1541"]
[BlackElo "2075"]
[PlyCount "30"]
[EventDate "2010.10.21"]
[EventType "tourn (corr)"]
[EventRounds "4"]
[EventCountry "GER"]
[SourceTitle "Corr 2013"]
[Source "ChessBase"]
[SourceDate "2012.11.12"]
[SourceVersion "1"]
[SourceVersionDate "2012.11.12"]
[SourceQuality "1"]

1. e4 d5 2. exd5 Qxd5 3. Nc3 Qa5 4. d4 Nf6 5. Nf3 Bf5 6. Ne5 c6 7. Nc4 Qd8 8. Bf4 e6 9. Ne3 Bg6 10. Be2 Bd6 11. Bg3 0-0 12. Bf3 Qc7 13. Bxd6 Qxd6 14. Nc4 Qb4 15. Qd2 Qxc4 0-1

[Event "CP-2010-P-00061"]
[Site "LSS email"]
[Date "2010.09.28"]
[Round "?"]
[White "Just, Bent"]
[Black "Zakharov, Oleg Yu"]
[Result "0-1"]
[WhiteElo "1466"]
[BlackElo "2251"]
[PlyCount "94"]
[EventDate "2010.10.01"]
[EventType "tourn (corr)"]
[EventRounds "6"]
[EventCountry "GER"]
[SourceTitle "Corr 2022"]
[Source "ChessBase"]
[SourceDate "2021.10.24"]
[SourceVersion "1"]
[SourceVersionDate "2021.10.24"]
[SourceQuality "1"]

1. e4 c5 2. Nf3 d6 3. Bc4 Nf6 4. Nc3 a6 5. 0-0 b5 6. Bd5 Ra7 7. d4 e6 8. dxc5 dxc5 9. Re1 Qc7 10. a3 Nbd7 11. Bg5 h6 12. Bh4 Nh5 13. Nd2 g6 14. e5 Bg7 15. Bf3 Nf4 16. Bg3 g5 17. Bxf4 gxf4 18. a4 b4 19. Ne2 Bxe5 20. c3 bxc3 21. bxc3 0-0 22. Nc4 Bf6 23. Qc1 Bg5 24. Rb1 Bb7 25. Bxb7 Rxb7 26. h4 Rxb1 27. Qxb1 Bxh4 28. Qe4 Bg5 29. Qf3 Rb8 30. Nc1 Qb7 31. Qe2 Qc6 32. Nd3 Qxa4 33. Nde5 Nxe5 34. Nxe5 Qb3 35. Qh5 Rb7 36. Qf3 Qd5 37. Qxd5 exd5 38. Rd1 Rb3 39. Nd7 Rxc3 40. Rxd5 Rc1+ 41. Kh2 c4 42. Rc5 c3 43. f3 Bh4 44. Kh3 f5 45. Rxf5 Rh1+ 46. Kg4 Be7 47. Kxf4 c2 0-1

[Event "CP-2010-P-00061"]
[Site "LSS email"]
[Date "2010.09.28"]
[Round "?"]
[White "Perez, Giorgio"]
[Black "Just, Bent"]
[Result "1/2-1/2"]
[WhiteElo "1884"]
[BlackElo "1495"]
[PlyCount "56"]
[EventDate "2010.10.01"]
[EventType "tourn (corr)"]
[EventRounds "6"]
[EventCountry "GER"]
[SourceTitle "Telechess CBM 143"]
[Source "ChessBase"]
[SourceDate "2011.07.15"]
[SourceVersion "1"]
[SourceVersionDate "2011.07.15"]
[SourceQuality "1"]

1. e4 e5 2. f4 exf4 3. Nf3 g5 4. h4 g4 5. Ne5 Qe7 6. d4 d6 7. Nxg4 Qxe4+ 8. Qe2 Qe7 9. Qxe7+ Kxe7 10. Be2 h5 11. Nh2 Nc6 12. c3 Nf6 13. Bxf4 Nd5 14. Bg5+ f6 15. Bd2 Bh6 16. Bf3 Nf4 17. 0-0 Ng6 18. Bxh6 Rxh6 19. Re1+ Kf8 20. g3 f5 21. Na3 Bd7 22. b3 f4 23. Kg2 fxg3 24. Kxg3 Nce7 25. Be4 Nf5+ 26. Bxf5 Bxf5 27. Nf3 Ne7 28. Nc4 Bd7 1/2-1/2

[Event "LSS WC-2014-P-00022"]
[Site "LSS email"]
[Date "2010.02.18"]
[Round "?"]
[White "Hruby, Milan"]
[Black "Just, Bent"]
[Result "1-0"]
[WhiteElo "2143"]
[BlackElo "1443"]
[PlyCount "81"]
[EventDate "2010.02.24"]
[EventType "tourn (corr)"]
[EventRounds "6"]
[EventCountry "GER"]
[SourceTitle "Telechess CBM 141"]
[Source "ChessBase"]
[SourceDate "2011.03.17"]
[SourceVersion "1"]
[SourceVersionDate "2011.03.17"]
[SourceQuality "1"]

1. e4 e5 2. Nf3 Nc6 3. Bb5 Nf6 4. 0-0 Be7 5. Re1 d6 6. c3 0-0 7. h3 Bd7 8. d4 Nxd4 9. Nxd4 exd4 10. Bxd7 Qxd7 11. cxd4 d5 12. e5 Ne4 13. Nc3 Nxc3 14. bxc3 Rac8 15. Be3 c5 16. Qb3 c4 17. Qb2 b5 18. a4 b4 19. cxb4 c3 20. Qb3 Rc4 21. b5 Bb4 22. Qc2 f5 23. f4 a6 24. bxa6 Ra8 25. Kf2 Rxa6 26. Kf3 h5 27. Rg1 h4 28. g4 hxg3 29. Rxg3 Qf7 30. Rag1 Bf8 31. a5 Qh5+ 32. Kg2 Rxa5 33. Rg5 Qe8 34. Qxf5 c2 35. Kh1 Qf7 36. Qg4 Rc3 37. e6 Qe7 38. Bc1 Qf6 39. Rf5 Qh6 40. Kh2 Rb5 41. Rxf8+ 1-0

[Event "LSS SE-2009-0-00029"]
[Site "LSS email"]
[Date "2009.08.31"]
[Round "?"]
[White "Just, Bent"]
[Black "Secondi, Alberto"]
[Result "1-0"]
[WhiteElo "1541"]
[BlackElo "915"]
[PlyCount "35"]
[EventDate "2009.07.04"]
[EventType "tourn (corr)"]
[EventRounds "6"]
[EventCountry "GER"]
[SourceTitle "Telechess CBM 147"]
[Source "ChessBase"]
[SourceDate "2012.03.16"]
[SourceVersion "1"]
[SourceVersionDate "2012.03.16"]
[SourceQuality "1"]

1. e4 d6 2. Nc3 c5 3. Bc4 Nc6 4. Nf3 g6 5. d4 cxd4 6. Nxd4 Bg7 7. Nxc6 bxc6 8. Be3 e6 9. Qf3 Nf6 10. 0-0-0 0-0 11. Bc5 Qc7 12. Bxd6 Qb6 13. Bxf8 Kxf8 14. Qf4 Bb7 15. Rd3 Rd8 16. Na4 e5 17. Nxb6 Rxd3 18. Qxe5 1-0

[Event "LSS BI-2009-P-00005"]
[Site "LSS email"]
[Date "2009.04.19"]
[Round "?"]
[White "Just, Bent"]
[Black "Aalderink, Gerwin"]
[Result "0-1"]
[WhiteElo "1393"]
[BlackElo "2117"]
[PlyCount "88"]
[EventDate "2009.04.20"]
[EventType "tourn (corr)"]
[EventRounds "10"]
[EventCountry "GER"]
[SourceTitle "Corr 2011"]
[Source "ChessBase"]
[SourceDate "2010.08.31"]
[SourceVersion "1"]
[SourceVersionDate "2010.08.31"]
[SourceQuality "1"]

1. e4 c6 2. Nc3 d5 3. Nf3 Bg4 4. h3 Bxf3 5. Qxf3 Nf6 6. d3 e6 7. g3 d4 8. Nd1 Nbd7 9. Bf4 Qa5+ 10. Bd2 Qa4 11. b3 Qa3 12. Bg2 Bb4 13. Qe2 Bxd2+ 14. Qxd2 0-0-0 15. 0-0 h5 16. c3 Qc5 17. c4 Qa3 18. f4 e5 19. Rb1 h4 20. g4 exf4 21. Qxf4 Rde8 22. Qf2 Qd6 23. b4 Ne5 24. c5 Qe6 25. Nb2 Rd8 26. a4 a6 27. b5 axb5 28. axb5 cxb5 29. Ra1 Kc7 30. g5 Nh5 31. Qxh4 Qe7 32. Qe1 Ra8 33. Qd2 Rhc8 34. Rxa8 Rxa8 35. Bf3 Nxf3+ 36. Rxf3 Ra1+ 37. Kg2 g6 38. Rf1 Ra2 39. Qc1 Kc6 40. Rf2 Qe5 41. Rf3 Qxc5 42. Qd2 Qc3 43. Rf2 b4 44. Kf3 b3 0-1

[Event "LSS BI-2009-P-00005"]
[Site "LSS email"]
[Date "2009.04.19"]
[Round "?"]
[White "Just, Bent"]
[Black "Jokmin, Alex"]
[Result "1-0"]
[WhiteElo "1541"]
[BlackElo "572"]
[PlyCount "23"]
[EventDate "2009.04.20"]
[EventType "tourn (corr)"]
[EventRounds "10"]
[EventCountry "GER"]
[SourceTitle "Corr 2015"]
[Source "ChessBase"]
[SourceDate "2015.07.17"]
[SourceVersion "1"]
[SourceVersionDate "2015.07.17"]
[SourceQuality "1"]

1. e4 c5 2. Nc3 Nc6 3. g3 e5 4. Nf3 Nf6 5. Bb5 Be7 6. Bxc6 dxc6 7. Nxe5 0-0 8. d3 Re8 9. 0-0 Bh3 10. Re1 Qd4 11. Bf4 Bd6 12. Nf3 1-0

[Event "LSS OP-2009-0-00717"]
[Site "LSS email"]
[Date "2009.01.12"]
[Round "?"]
[White "Santo, Moises"]
[Black "Just, Bent"]
[Result "1-0"]
[WhiteElo "1287"]
[BlackElo "1400"]
[PlyCount "71"]
[EventDate "2009.01.11"]
[EventType "tourn (corr)"]
[EventRounds "4"]
[EventCountry "GER"]
[SourceTitle "Corr 2011"]
[Source "ChessBase"]
[SourceDate "2010.08.31"]
[SourceVersion "1"]
[SourceVersionDate "2010.08.31"]
[SourceQuality "1"]

1. d4 Nf6 2. c4 e6 3. Nc3 Bb4 4. Bg5 c5 5. d5 Nxd5 6. Bxd8 Nxc3 7. Qb3 Ne4+ 8. Kd1 Nxf2+ 9. Kc2 Kxd8 10. Qg3 Nxh1 11. Qxg7 Re8 12. a3 Ba5 13. g4 Nc6 14. Bg2 Nd4+ 15. Kb1 Nb3 16. Ra2 Nd2+ 17. Kc1 Nxc4 18. b3 Nd6 19. Bxh1 Re7 20. Nf3 Ne8 21. Qxh7 d5 22. Ne5 f6 23. Nf7+ Kd7 24. Qg6 Bc3 25. h4 b6 26. h5 Bb7 27. h6 Nd6 28. Nxd6 Kxd6 29. e4 dxe4 30. Bxe4 Bxe4 31. Qxe4 Rh8 32. b4 Bd4 33. b5 Rd7 34. Re2 e5 35. Qg6 Kc7 36. Qxf6 1-0